000 02129nam0a2200361 4500
001 RU\NLR\bibl\1361024
005 20260405213747.0
021 _aRU
_b2009-15835
_9935
035 _a(NLR Aleph) 001353199
090 _a934128
_c934128
100 _a20090423d2008 |||y0rusy50 ca
101 0 _arus
_ager
102 _aRU
105 _ac |||||||||
200 1 _aНемецкая литература XX века: анализ текста
_dGerman literature of XX century: text analysis
_eучебное пособие
_e[для студентов четвертого-пятого курсов и содержит материалы для изучения дисциплины "Анализ художественного текста"]
_fО.А. Дронова
_gФедер. агентство по образованию, Гос. образоват учреждение высш. проф. образования "Тамб. гос. ун-т им. Г.Р. Державина"
_zger
210 _aТамбов
_cИзд-во ТГУ
_d2008
215 _a99 с.
_cпортр.
_d21
300 _aАвт. также на англ. яз.: O.A. Dronova
320 _aБиблиогр.: с. 98-99
510 1 _6z11790
_aGerman literature of XX century: text analysis
_zger
606 1 _aНемецкая литература
_jУчебные издания для высших учебных заведений
_xТекстология
_91937515
_3RU\NLR\auth\661173455
606 1 _aНемецкая литература
_jУчебные издания для высших учебных заведений
_z20 в.
_9980325
_3RU\NLR\auth\6650390
686 _aШ5(4Г)6-09
700 1 _4070
_8rus
_7ca
_aДронова
_bО. А.
_cд-р филол. наук
_gОльга Александровна
_3RU\NLR\AUTH\7796753
_979679
790 1 _4070
_8rus
_7ba
_aDronova
_bO. A.
_cд-р филол. наук
_gOl'ga Aleksandrovna
_3RU\NLR\AUTH\7796756
_979682
801 0 _aRU
_bNLR
_c20090423
_gRCR
801 1 _aRU
_bNLR
_c20090423
830 _aАвт. по кн.
942 _cBOOK
980 _aNB
980 _aNBR